000 00721nam a2200229 a 4500
003 DO-SdBNP
005 20220530094055.0
007 ta
008 220523e2018 dr |||gr|||| 000 0dspa d
020 _a9789978626100
040 _aDO-SdBNP
_bspa
_cBNPHU9789945626100
082 4 _222
_bF897a
245 1 0 _aAcuitenses:
_bel orígen. /
_cSilvia Frías Gonzáles
260 _a[Santo Domingo] :
_bVerité,
_c2018
300 _a51 p. :
_bil. ;
_c21 cm.
500 _aIncluye datos biográficos de la autora en la contracubierta.
590 _aInventariado 2022 / MF
650 4 _94192
_aNovela de Ciencia Ficción
_xRepública Dominicana
650 4 _950038
_aLiteratura Dominicana.
910 _aMFeliz
942 _2ddc
_cLBS1
999 _c51784
_d51784